[Event "Mont de Marsan op"]
[Site "Mont de Marsan"]
[Date "2005.12.28"]
[Round "6"]
[White "Forgues, Fabien"]
[Black "Biberent, Guy"]
[Result "1-0"]
[WhiteElo "2113"]
[BlackElo "1800"]
[PlyCount "45"]
[EventDate "2005.12.26"]
[EventType "swiss"]
[EventRounds "7"]
[EventCountry "FRA"]
[SourceTitle "CBM 110 Extra"]
[Source "ChessBase"]
[SourceDate "2006.03.10"]
[SourceVersion "2"]
[SourceVersionDate "2006.03.10"]
[SourceQuality "1"]

1. e4 c5 2. Nf3 Nc6 3. d4 cxd4 4. Nxd4 a6 5. c4 e6 6. Nc2 Bc5 7. Be3 Bxe3 8. Nxe3 Nge7 9. Nc3 0-0 10. f4 Qc7 11. g3 d6 12. Bg2 f5 13. 0-0 Qb6 14. Qd2 fxe4 15. Bxe4 Nf5 16. Bxf5 Rxf5 17. Kh1 Rf8 18. Rad1 Rd8 19. f5 Ne5 20. f6 Qc6+ 21. Ng2 Nxc4 22. Qg5 Rd7 23. fxg7 1-0

[Event "Mont de Marsan op"]
[Site "Mont de Marsan"]
[Date "2005.12.26"]
[Round "1"]
[White "Biberent, Guy"]
[Black "Lefebvre, Jeremie"]
[Result "0-1"]
[WhiteElo "1800"]
[BlackElo "1907"]
[PlyCount "148"]
[EventDate "2005.12.26"]
[EventType "swiss"]
[EventRounds "7"]
[EventCountry "FRA"]
[SourceTitle "CBM 110 Extra"]
[Source "ChessBase"]
[SourceDate "2006.03.10"]
[SourceVersion "2"]
[SourceVersionDate "2006.03.10"]
[SourceQuality "1"]

1. e4 c5 2. Bc4 e6 3. Nf3 d5 4. exd5 exd5 5. Bb5+ Bd7 6. Bxd7+ Qxd7 7. 0-0 Bd6 8. Re1+ Ne7 9. d4 cxd4 10. Nxd4 0-0 11. Nd2 Nbc6 12. N2f3 Rac8 13. c3 a6 14. Qd3 h6 15. Bd2 b5 16. a3 Na5 17. Rad1 Nc4 18. Bc1 Rfe8 19. Re2 Nb6 20. Rde1 Ng6 21. g3 Rxe2 22. Rxe2 Re8 23. Rxe8+ Qxe8 24. b3 Qe4 25. Qd1 Nf8 26. Ne1 Nfd7 27. Nd3 Ne5 28. Nxe5 Bxe5 29. Ne2 f5 30. Be3 Nd7 31. Bd4 Bd6 32. a4 bxa4 33. bxa4 Ne5 34. Bxe5 Bxe5 35. h4 g5 36. hxg5 hxg5 37. Qd2 Bf6 38. f4 g4 39. Nd4 Kf7 40. Kf1 Qh1+ 41. Ke2 Qg2+ 42. Kd1 Qe4 43. Ne2 Qxa4+ 44. Qc2 Qxc2+ 45. Kxc2 Ke6 46. Kb3 Kd6 47. Kb4 a5+ 48. Kb5 d4 49. cxd4 Kd5 50. Kxa5 Bxd4 51. Kb4 Ke4 52. Kc4 Bf6 53. Ng1 Bd4 54. Ne2 Bf2 55. Kc3 Be1+ 56. Kc4 Bf2 57. Kc3 Kf3 58. Kd3 Bxg3 59. Nd4+ Kxf4 60. Ne2+ Kf3 61. Nd4+ Kf4 62. Ne2+ Kg5 63. Nxg3 f4 64. Ne4+ Kh4 65. Ke2 Kh3 66. Nf2+ Kg3 67. Kf1 Kf3 68. Kg1 g3 69. Nd3 Ke3 70. Ne5 Ke4 71. Ng4 f3 72. Nf6+ Ke3 73. Ng4+ Ke2 74. Kh1 f2 0-1